El Desarrollo en el banquillo

Furkejuvvon:
Bibliográfalaš dieđut
Váldodahkki: Cardoso, Fernando Henrique
Materiálatiipa: Texto
Almmustuhtton: México, D.F.: ILET
Fáddágilkorat: Lasit fáddágilkoriid
Eai fáddágilkorat, Lasit vuosttaš fáddágilkora!

MARC

LEADER 00000 a a2200000 04500
001 19246
003
040
090 |a 019600  
100 |a Cardoso, Fernando Henrique  
245 |a El Desarrollo en el banquillo  
260 |a México, D.F.:   |b ILET  
300 |a 71 p.  
999 |c 10221  |d 10221